Rámec pre riadenie rizika

Efektívne fungovanie procesu manažmentu rizika predstavuje súbor komponentov, ktoré poskytujú základy a organizačné usporiadanie pre navrhovanie, vykonávanie, monitoring , preskúmanie a zlepšovanie riadenia rizík v celom podniku.

Na minha lista:
Detalhes bibliográficos
Autor principal: Rybárová, Daniela, 1967-
Formato: Capítulo de Livro
Idioma:eslovaco
Assuntos:
Tags: Adicionar Tag
Sem tags, seja o primeiro a adicionar uma tag!

MARC

LEADER 00000nla a2200000 4500
001 0180799
005 20240502073106.5
041 0 |a slo 
044 |a SK 
245 1 0 |a Rámec pre riadenie rizika  |c Daniela Rybárová 
520 |a Efektívne fungovanie procesu manažmentu rizika predstavuje súbor komponentov, ktoré poskytujú základy a organizačné usporiadanie pre navrhovanie, vykonávanie, monitoring , preskúmanie a zlepšovanie riadenia rizík v celom podniku. 
610 2 0 |a manažment 
610 2 0 |a risk management 
610 2 0 |a riadenie rizík 
610 2 0 |a riadenie podnikové 
610 2 0 |a riadenie podľa cieľov 
610 2 0 |a procesy podnikové 
100 1 |a Rybárová, Daniela, 1967-